000 00328 a2200169 4500
001 173426
020 _a
040 _cMagnum
100 _aBrandao, Maria do Carmo
240 1 0 _aDing-ling
_lpor
245 1 0 _aDing-ling
300 _a24
362 0 _a1985
440 1 _aLĂȘ
697 _aLITERATURA INFANTO
942 _cBK
999 _c173426
_d173426